[Event "GCT Blitz Paris 2017"]
[Site "Paris FRA"]
[Date "2017.06.25"]
[Round "10.4"]
[White "So, Wesley"]
[Black "Karjakin, Sergey"]
[Result "0-1"]
[WhiteTitle "GM"]
[BlackTitle "GM"]
[WhiteElo "2812"]
[BlackElo "2781"]
[WhiteFideId "5202213"]
[BlackFideId "14109603"]
[EventDate "2017.06.24"]

1. d4 Nf6 2. c4 e6 3. g3 Bb4+ 4. Bd2 Be7 5. Bg2 d5 6. Nf3 O-O 7. O-O Nbd7 8. Qc2
c6 9. a4 a5 10. Rc1 Ne4 11. Ne1 Nd6 12. Na3 b6 13. cxd5 cxd5 14. b4 axb4 15.
Bxb4 Ba6 16. e3 Nc4 17. Qb3 Ra7 18. Nb5 Bxb5 19. axb5 Rxa1 20. Rxa1 Bxb4 21.
Qxb4 Na5 22. Nd3 Qb8 23. Qe7 Qd8 24. Qb4 Qb8 25. Qe7 Qd8 26. Qd6 Nf6 27. Qxd8
Rxd8 28. Rc1 Nc4 29. Nb4 Ra8 30. Na6 Rc8 31. Bf1 Ne4 32. Nb4 Ned6 33. Nc6 Kf8
34. Bxc4 dxc4 35. Kf1 f6 36. Nb4 Nxb5 37. d5 Kf7 38. Ke2 Rc7 39. e4 Nd6 40. f3
Ra7 41. Rc2 exd5 42. Nxd5 b5 43. Rd2 Ke6 44. Nc3 Rb7 45. Rd5 b4 46. Na4 Ke7 47.
e5 fxe5 48. Rxe5+ Kf6 49. Rd5 Nf5 50. Nc5 Ra7 51. g4 Ra2+ 52. Ke1 Ne3 53. Ne4+
Ke6 54. Rb5 0-1

[Event "GCT Blitz Paris 2017"]
[Site "Paris FRA"]
[Date "2017.06.25"]
[Round "12.2"]
[White "Bacrot, Etienne"]
[Black "Karjakin, Sergey"]
[Result "1-0"]
[WhiteTitle "GM"]
[BlackTitle "GM"]
[WhiteElo "2708"]
[BlackElo "2781"]
[WhiteFideId "605506"]
[BlackFideId "14109603"]
[EventDate "2017.06.24"]

1. e4 c5 2. Nf3 d6 3. Nc3 a6 4. g3 b5 5. Bg2 Bb7 6. d3 Nc6 7. O-O e6 8. Ng5 Nf6
9. f4 h6 10. Nh3 Be7 11. Kh1 Qc7 12. Bd2 O-O-O 13. a4 b4 14. Ne2 d5 15. e5 Nd7
16. c3 a5 17. d4 Ba6 18. Rc1 b3 19. f5 Rdf8 20. Nhf4 Nd8 21. Qxb3 Nb6 22. Be3
Nc4 23. Rf3 g5 24. f6 g4 25. fxe7 gxf3 26. exf8=Q Rxf8 27. Bxf3 Nxe3 28. dxc5
Nc6 29. Nd4 Nxe5 30. Re1 Nxf3 31. Rxe3 Nd2 32. Qc2 Nc4 33. Rf3 Qxc5 34. Qf2 Re8
35. Nd3 Qd6 36. Rxf7 Ne5 37. Nxe5 Qxe5 38. Nc6 Qe4+ 39. Kg1 Bb7 40. Qc5 Qe1+ 41.
Rf1 Qd2 42. Ne5+ Kb8 43. Nd7+ 1-0

[Event "GCT Blitz Paris 2017"]
[Site "Paris FRA"]
[Date "2017.06.25"]
[Round "13.4"]
[White "Karjakin, Sergey"]
[Black "Topalov, Veselin"]
[Result "1/2-1/2"]
[WhiteTitle "GM"]
[BlackTitle "GM"]
[WhiteElo "2781"]
[BlackElo "2749"]
[WhiteFideId "14109603"]
[BlackFideId "2900084"]
[EventDate "2017.06.24"]

1. e4 c5 2. Nf3 d6 3. Nc3 Nf6 4. g3 Nc6 5. Bg2 g6 6. d4 cxd4 7. Nxd4 Nxd4 8.
Qxd4 Bg7 9. O-O O-O 10. Qd3 Be6 11. Nd5 Rc8 12. c3 a6 13. Re1 Nd7 14. a4 Ne5 15.
Qd1 Re8 16. h3 Nc4 17. Kh2 Bd7 18. Re2 b5 19. axb5 Bxb5 20. Rc2 e6 21. Ne3 Rb8
22. b3 Ne5 23. c4 Bc6 24. Ra3 Qc7 25. Bb2 Qb7 26. f4 Nd7 27. Bxg7 Kxg7 28. Qxd6
Rbd8 29. Qd4+ Kg8 30. Ng4 e5 31. fxe5 Nxe5 32. Nf6+ Kh8 33. Qe3 Re6 34. Nd5 Kg7
35. Qc3 f6 36. Rca2 Be8 37. b4 Rc8 38. c5 Bb5 39. Rf2 Rf8 40. Raa2 h5 41. Rf4
Qb8 42. Raf2 Nd7 43. h4 Qe5 44. Bh3 Qxc3 45. Nxc3 Re7 46. Nxb5 axb5 47. Bf1 Ne5
48. Rc2 Rd8 49. Kg2 Rd4 50. Rb2 Rb7 51. Rff2 Rxe4 52. Rfe2 Rd4 53. Red2 Re4 54.
Be2 f5 55. Rdc2 f4 56. gxf4 Rxf4 57. c6 Rc7 58. Rc5 Kf6 59. Bxb5 Rxh4 60. Ba4
Rg4+ 61. Kf1 Nd3 62. Rcc2 Nxb2 63. Rxb2 Rc4 64. Bb5 R4xc6 65. Bxc6 Rxc6 66. Kg2
Ke5 67. b5 Rb6 68. Kg3 g5 69. Rh2 Rh6 70. b6 Kd6 71. Rb2 Rh8 72. b7 Rb8 73. Rb5
Kc6 74. Rxg5 1/2-1/2

[Event "GCT Blitz Paris 2017"]
[Site "Paris FRA"]
[Date "2017.06.25"]
[Round "14.4"]
[White "Caruana, Fabiano"]
[Black "So, Wesley"]
[Result "1-0"]
[WhiteTitle "GM"]
[BlackTitle "GM"]
[WhiteElo "2808"]
[BlackElo "2812"]
[WhiteFideId "2020009"]
[BlackFideId "5202213"]
[EventDate "2017.06.24"]

1. c4 e6 2. Nc3 Nf6 3. e4 d5 4. cxd5 exd5 5. e5 Ne4 6. Nf3 Bf5 7. Be2 Be7 8. O-O
Nc6 9. d3 Nxc3 10. bxc3 O-O 11. d4 Qd7 12. Bd3 Na5 13. Re1 Nc4 14. Rb1 Bxd3 15.
Qxd3 b5 16. Nd2 Rab8 17. Nb3 Rb6 18. Bf4 Qg4 19. Bg3 Qg6 20. Qf3 a5 21. Rbd1 Qc2
22. Qxd5 Qxa2 23. Nc5 Rd8 24. Nd7 c6 25. Qe4 Ra6 26. e6 f6 27. d5 cxd5 28. Qxd5
Qb3 29. Qb7 Rxe6 30. Qd5 Nd2 31. Qxb3 Nxb3 32. Rxe6 Kf7 33. Ree1 a4 34. Bc7 Rc8
35. Bd6 Bxd6 36. Rxd6 Rxc3 37. Nb6 a3 38. Nd5 Rc4 39. Ra6 b4 40. Ra4 Nc1 41.
Rxb4 a2 42. Rb7+ Kg6 43. Ra7 Rc2 44. Nb4 Rb2 45. Rxc1 1-0

[Event "GCT Blitz Paris 2017"]
[Site "Paris FRA"]
[Date "2017.06.25"]
[Round "15.2"]
[White "So, Wesley"]
[Black "Bacrot, Etienne"]
[Result "1-0"]
[WhiteTitle "GM"]
[BlackTitle "GM"]
[WhiteElo "2812"]
[BlackElo "2708"]
[WhiteFideId "5202213"]
[BlackFideId "605506"]
[EventDate "2017.06.24"]

1. Nf3 d5 2. e3 Nf6 3. c4 e6 4. b3 b6 5. Bb2 Bb7 6. Nc3 Be7 7. cxd5 exd5 8. d4
Nbd7 9. g3 O-O 10. Bg2 Re8 11. O-O Bf8 12. Qc2 Rc8 13. Rfd1 a6 14. Ne1 Ne4 15.
Nd3 Ndf6 16. Rac1 Bd6 17. Nxe4 Nxe4 18. Qe2 Qd7 19. Ne5 Qe6 20. Nd3 f6 21. Nf4
Qf7 22. Qf3 c5 23. dxc5 bxc5 24. Rd3 c4 25. Rdd1 c3 26. Ba1 c2 27. Re1 Ba3 28.
Qe2 Qc7 29. Bh3 Bxc1 30. Rxc1 d4 31. Be6+ Rxe6 32. Nxe6 Qd7 33. Nxd4 Ng5 34.
Rxc2 Rd8 35. f3 Qh3 36. Rc7 Rxd4 37. Rxb7 Rd8 38. Bd4 h5 39. f4 Ne4 40. Qc4+ Kh8
41. Qf7 Rg8 42. Qd7 1-0

[Event "GCT Blitz Paris 2017"]
[Site "Paris FRA"]
[Date "2017.06.25"]
[Round "16.2"]
[White "Bacrot, Etienne"]
[Black "Caruana, Fabiano"]
[Result "0-1"]
[WhiteTitle "GM"]
[BlackTitle "GM"]
[WhiteElo "2708"]
[BlackElo "2808"]
[WhiteFideId "605506"]
[BlackFideId "2020009"]
[EventDate "2017.06.24"]

1. e4 e6 2. d4 d5 3. exd5 exd5 4. Nf3 Bg4 5. h3 Bh5 6. Qe2+ Qe7 7. Be3 Nc6 8.
Nc3 O-O-O 9. O-O-O Nf6 10. g4 Bg6 11. Bg2 Ne4 12. Nxe4 Bxe4 13. a3 g6 14. Rhe1
Bg7 15. Bf1 h5 16. Nd2 Bxd4 17. Nxe4 dxe4 18. Bxd4 Nxd4 19. Qxe4 Qc5 20. c3 Nc6
21. Qf4 hxg4 22. hxg4 Rhf8 23. Rxd8+ Nxd8 24. Bc4 a6 25. g5 Ne6 26. Bxe6+ fxe6
27. Qe4 Qxg5+ 28. Kb1 Rf6 29. Re2 Qd5 30. Qe3 b6 31. Rd2 Qf5+ 32. Ka2 Kb7 33.
Rd7 a5 34. Kb3 Qb5+ 0-1

[Event "GCT Blitz Paris 2017"]
[Site "Paris FRA"]
[Date "2017.06.25"]
[Round "16.4"]
[White "Topalov, Veselin"]
[Black "So, Wesley"]
[Result "0-1"]
[WhiteTitle "GM"]
[BlackTitle "GM"]
[WhiteElo "2749"]
[BlackElo "2812"]
[WhiteFideId "2900084"]
[BlackFideId "5202213"]
[EventDate "2017.06.24"]

1. c4 g6 2. e4 e5 3. Nc3 Bg7 4. g3 Ne7 5. Bg2 d6 6. d3 c5 7. a3 Nbc6 8. Rb1 Be6
9. b4 Qd7 10. Nf3 h6 11. bxc5 dxc5 12. Nd5 g5 13. O-O O-O 14. Be3 b6 15. h4 g4
16. Nh2 h5 17. Rb2 Nd4 18. Bxd4 cxd4 19. f4 Bxd5 20. cxd5 Rac8 21. Rbf2 exf4 22.
Rxf4 Qd6 23. Nxg4 hxg4 24. Qxg4 Ng6 25. Rxf7 Rxf7 26. Qxc8+ Rf8 27. Rxf8+ Qxf8
28. Qe6+ Qf7 29. Qc8+ Qf8 30. Qe6+ Qf7 31. Qc8+ Nf8 32. Bh3 Qf3 33. Qb8 Qe3+ 34.
Kg2 Qd2+ 35. Kh1 Qxd3 36. Be6+ Kh8 37. Bf5 Qf3+ 38. Kh2 d3 39. Qf4 Qe2+ 40. Kh3
d2 41. Bg4 d1=Q 42. Bxe2 Qxe2 43. d6 Qd1 44. e5 Ng6 45. Qf5 Qh1+ 46. Kg4 Nxe5+ 0-1

[Event "GCT Blitz Paris 2017"]
[Site "Paris FRA"]
[Date "2017.06.25"]
[Round "17.2"]
[White "Caruana, Fabiano"]
[Black "Topalov, Veselin"]
[Result "0-1"]
[WhiteTitle "GM"]
[BlackTitle "GM"]
[WhiteElo "2808"]
[BlackElo "2749"]
[WhiteFideId "2020009"]
[BlackFideId "2900084"]
[EventDate "2017.06.24"]

1. e4 c5 2. Nc3 d6 3. Nge2 Nf6 4. h3 Nc6 5. d4 cxd4 6. Nxd4 g6 7. Be3 Bg7 8. Qd2
O-O 9. O-O-O Bd7 10. f4 Rc8 11. Nb3 a6 12. Kb1 b5 13. Qe1 Qc7 14. Bd3 Nb4 15.
Rc1 Nxd3 16. cxd3 Qb8 17. g4 b4 18. Ne2 a5 19. Qd2 a4 20. Nbd4 Qb7 21. Ng3 Rfd8
22. f5 Qa6 23. g5 Ne8 24. h4 a3 25. b3 Bb5 26. Rc4 d5 27. exd5 Rxd5 28. Nxb5
Rxb5 29. fxg6 fxg6 30. Qc2 Rbb8 31. Ne4 Qe6 32. Bf4 Ra8 33. Re1 Qg4 34. Bd2 Rxc4
35. Qxc4+ Kh8 36. Bxb4 Qxh4 37. Bc3 Bxc3 38. Qxc3+ Ng7 39. Rf1 e5 40. Qxe5 Qh3
41. Qf6 Qxd3+ 42. Ka1 Qd8 43. b4 Qxf6+ 44. gxf6 Nf5 45. b5 Rb8 46. Nc3 Kg8 47.
Rb1 Kf7 48. b6 Kxf6 49. Rb4 Ke5 50. Kb1 Nd6 51. Kc2 h5 52. Kb3 g5 53. Na4 Nb7
54. Rb5+ Kf4 55. Rd5 h4 56. Rd7 h3 57. Rh7 g4 58. Kc4 Kg3 59. Kd5 h2 60. Nc3 Na5
61. Ne2+ Kg2 62. Nf4+ Kf3 63. Rxh2 Kxf4 64. Kc5 g3 65. Rh4+ Kf3 66. Kb5 g2 67.
Rh3+ Kf2 68. Rh2 Nb7 69. Kc6 Nd8+ 70. Kc7 Rb7+ 0-1